[Event "21. Intern. Travemünder Schach-Open"]
[Site "?"]
[Date "2004.12.28"]
[Round "4"]
[White "Anders, Sönke"]
[Black "Wokittel, Ulf"]
[Result "1/2-1/2"]
[WhiteElo "1995"]
[BlackElo "2165"]
[PlyCount "57"]
[EventDate "2004.??.??"]

1. d4 Nf6 2. Nf3 e6 3. e3 c5 4. c3 d5 5. Bd3 Nc6 6. Nbd2 Bd6 7. O-O O-O 8. dxc5
Bxc5 9. e4 e5 10. exd5 Qxd5 11. Qe2 Bg4 12. Ne4 Nxe4 13. Bxe4 Qe6 14. Qb5 Bb6
15. Bxh7+ Kh8 16. Be4 Rad8 17. Be3 Bxe3 18. fxe3 Bxf3 19. Rxf3 f5 20. Bc2 Rf6
21. Bb3 Qe7 22. Rh3+ Rh6 23. Rxh6+ gxh6 24. Rf1 Rf8 25. e4 fxe4 26. Rxf8+ Qxf8
27. Qf1 Qg7 28. Qf7 Qg5 29. Qf8+ 1/2-1/2

[Event "21. Intern. Travemünder Schach-Open"]
[Site "?"]
[Date "2004.12.28"]
[Round "4"]
[White "Duchrow, Oliver"]
[Black "Abrougui, Ammar"]
[Result "1-0"]
[WhiteElo "2164"]
[BlackElo "1976"]
[PlyCount "81"]
[EventDate "2004.??.??"]

1. e4 g6 2. g3 Bg7 3. Bg2 d6 4. Ne2 Nc6 5. d4 Bd7 6. Nbc3 e5 7. dxe5 Nxe5 8. f4
Nc6 9. Nd5 Nge7 10. Nec3 Qc8 11. Be3 Nxd5 12. exd5 Ne7 13. Bd4 f6 14. Qd2 O-O
15. O-O-O b5 16. Rde1 Nf5 17. Bf2 Qa6 18. Kb1 Rae8 19. Ne2 Re7 20. Bf3 Rfe8 21.
g4 Nh6 22. h3 b4 23. Bd4 Nf7 24. h4 Bb5 25. Ng3 b3 26. axb3 Qc8 27. Rxe7 Rxe7
28. Qc3 Qd8 29. Ne4 Ne5 30. fxe5 fxe5 31. Be3 Rf7 32. Ng5 Rxf3 33. Nxf3 e4 34.
Nd4 Bd7 35. g5 Bf5 36. Qd2 Qe8 37. Nxf5 gxf5 38. Bd4 Be5 39. Be3 Qh5 40. Qf2
Qg4 41. Rf1 1-0

[Event "21. Intern. Travemünder Schach-Open"]
[Site "?"]
[Date "2004.12.28"]
[Round "4"]
[White "Frodl, Michael"]
[Black "Hansson, Jonathan"]
[Result "1-0"]
[WhiteElo "2240"]
[BlackElo "2081"]
[PlyCount "35"]
[EventDate "2004.??.??"]

1. e4 c6 2. d4 d5 3. e5 Bf5 4. Nf3 e6 5. Be2 c5 6. Be3 Qb6 7. Nc3 c4 8. b3 cxb3
9. cxb3 Bb4 10. Bd2 Bxc3 11. Bxc3 Nc6 12. O-O Nge7 13. Qd2 O-O 14. Nh4 f6 15.
f4 fxe5 16. fxe5 a5 17. Rf2 Na7 18. Bxa5 1-0

[Event "21. Intern. Travemünder Schach-Open"]
[Site "?"]
[Date "2004.12.28"]
[Round "4"]
[White "Issing, Peter"]
[Black "Holzhaus, Jens"]
[Result "1-0"]
[WhiteElo "2217"]
[BlackElo "2024"]
[PlyCount "55"]
[EventDate "2004.??.??"]

1. d4 d5 2. c4 e6 3. Nf3 c5 4. g3 Nc6 5. cxd5 exd5 6. Bg2 Nf6 7. O-O Be7 8. Nc3
O-O 9. b3 Ne4 10. Bb2 Bf6 11. Na4 Re8 12. Rc1 b6 13. Re1 Bg4 14. dxc5 Bxb2 15.
Nxb2 bxc5 16. Na4 Qd6 17. Nd2 Nxd2 18. Qxd2 Nd4 19. f3 Be6 20. Nxc5 Nf5 21. e4
Ne7 22. f4 Rac8 23. Nxe6 fxe6 24. exd5 Nxd5 25. Rxc8 Rxc8 26. Rxe6 Rc1+ 27.
Qxc1 Qxe6 28. Bxd5 1-0

[Event "21. Intern. Travemünder Schach-Open"]
[Site "?"]
[Date "2004.12.28"]
[Round "4"]
[White "Lau, Jürgen"]
[Black "GM Maiwald, Jens-Uwe"]
[Result "0-1"]
[WhiteElo "2127"]
[BlackElo "2524"]
[PlyCount "76"]
[EventDate "2004.??.??"]

1. Nf3 g6 2. g3 Bg7 3. Bg2 d6 4. d3 e5 5. e4 c5 6. Be3 Nc6 7. c3 Nge7 8. Nbd2
O-O 9. O-O b6 10. Ne1 d5 11. exd5 Nxd5 12. Qf3 Be6 13. Ne4 h6 14. c4 Nxe3 15.
fxe3 Rc8 16. Nc3 Qd7 17. Qe2 Ne7 18. Rf2 f5 19. Qf1 g5 20. Bd5 Bxd5 21. Nxd5
Nxd5 22. cxd5 e4 23. dxe4 fxe4 24. Rxf8+ Rxf8 25. Qc4 Qf7 26. Ng2 Bxb2 27. Rd1
Be5 28. Qe2 Bd6 29. Ne1 b5 30. Qxb5 Qf2+ 31. Kh1 Qxe3 32. Qa6 Qf2 33. Ng2 Rf6
34. Rg1 e3 35. Qxa7 e2 36. Ne1 Be5 37. Qe7 Bd4 38. Qe8+ Kg7 0-1

[Event "21. Intern. Travemünder Schach-Open"]
[Site "?"]
[Date "2004.12.28"]
[Round "5"]
[White "Jobava (GM), Baadur"]
[Black "Muse (GM), Mladen"]
[Result "1-0"]
[WhiteElo "2615"]
[BlackElo "2448"]
[PlyCount "91"]
[EventDate "2004.??.??"]

1. d4 d5 2. c4 Nc6 3. Nf3 Bg4 4. Qa4 Bxf3 5. exf3 e6 6. Nc3 Nf6 7. c5 Nd7 8.
Ba6 Qc8 9. O-O Be7 10. Re1 Ndb8 11. Bf1 O-O 12. Bf4 Bf6 13. Nb5 a6 14. Rad1 Bd8
15. b4 Nd7 16. Na3 Bf6 17. Nc2 Re8 18. Qb3 Nf8 19. a4 Ng6 20. Bc1 Qd8 21. f4
Nge7 22. Bb2 h5 23. Ra1 Nf5 24. Qd3 a5 25. b5 Nce7 26. Rec1 Nh6 27. Ne1 g5 28.
fxg5 Bxg5 29. Rc2 Ng6 30. Nf3 Bf6 31. Re1 Nf5 32. Qd1 Kg7 33. Bc1 Rh8 34. Bd3
Ngh4 35. Nxh4 Nxh4 36. Re3 Bxd4 37. Rg3+ Kf8 38. c6 bxc6 39. Ba3+ Ke8 40. b6
Bxb6 41. Rxc6 Qf6 42. Rxb6 cxb6 43. Bb5+ Kd8 44. Bc1 Kc7 45. Bg5 Qb2 46. Rb3
1-0

[Event "21. Intern. Travemünder Schach-Open"]
[Site "?"]
[Date "2004.12.29"]
[Round "5"]
[White "Kupreichnik (GM), Victor"]
[Black "Miroshnichenko (GM), Evge"]
[Result "0-1"]
[WhiteElo "2454"]
[BlackElo "2615"]
[PlyCount "106"]
[EventDate "2004.??.??"]

1. e4 c5 2. Nf3 d6 3. Nc3 Nc6 4. d4 cxd4 5. Nxd4 Nf6 6. Bc4 Qb6 7. Bb5 a6 8.
Nxc6 bxc6 9. Be3 Qc7 10. Bd3 g6 11. O-O Bg7 12. Qe2 O-O 13. Rad1 a5 14. a4 Rb8
15. b3 Ng4 16. Bd2 Ne5 17. Ba6 Be6 18. h3 Ra8 19. Be3 Nd7 20. Nb1 d5 21. exd5
cxd5 22. Bb5 Rac8 23. c4 dxc4 24. bxc4 Nc5 25. Bd4 Bxd4 26. Rxd4 Nxa4 27. Qa2
Qb6 28. Rd2 Nc5 29. Nc3 Rfd8 30. Rxd8+ Rxd8 31. Ra1 Ra8 32. Na4 Nxa4 33. Qxa4
Qc7 34. Bc6 Rb8 35. Bb5 Rd8 36. Qc2 Qe5 37. Rc1 Bf5 38. Qa4 Qb2 39. Re1 Qb4 40.
Ra1 Qc3 41. Rf1 Bc2 42. Qa1 Qb4 43. Rc1 Rd2 44. Qe5 a4 45. h4 Qd6 46. Qxd6 exd6
47. Kh2 Rxf2 48. Ra1 Be4 49. Rxa4 Rxg2+ 50. Kh3 Rc2 51. Ra6 d5 52. h5 Kg7 53.
Ra7 dxc4 0-1

[Event "21. Intern. Travemünder Schach-Open"]
[Site "?"]
[Date "2004.12.29"]
[Round "5"]
[White "Kopylov (IM), Michael"]
[Black "Meister (IM), Jakov"]
[Result "1-0"]
[WhiteElo "2434"]
[BlackElo "2505"]
[PlyCount "120"]
[EventDate "2004.??.??"]

1. d4 e6 2. c4 Bb4+ 3. Nd2 d5 4. Qc2 Nf6 5. Ngf3 O-O 6. g3 c5 7. dxc5 Bxc5 8.
Bg2 Ng4 9. e3 Nc6 10. O-O Bxe3 11. cxd5 exd5 12. fxe3 Nxe3 13. Qb3 Nxf1 14.
Nxf1 d4 15. Bf4 Qb6 16. Qxb6 axb6 17. a3 Re8 18. Rd1 Bg4 19. N1d2 b5 20. h3 Bf5
21. Rc1 h6 22. Rc5 Bd3 23. Ne5 Nxe5 24. Bxe5 Rad8 25. Nf3 b6 26. Rc1 Be4 27.
Bf4 d3 28. Bd2 Bd5 29. Re1 Be4 30. Kf2 f5 31. Bc3 g5 32. Rd1 Kh7 33. Rd2 Rd5
34. Bf1 Kg6 35. Nd4 Red8 36. Nc6 Re8 37. Nd4 Red8 38. Nc6 Re8 39. Nb4 Rd7 40.
Nxd3 Kh7 41. Nb4 Rxd2+ 42. Bxd2 Kg6 43. Bxb5 Rd8 44. Be3 Rd6 45. Na2 Bd3 46.
Be8+ Kf6 47. Nc3 Ke5 48. Ne2 Rd8 49. Ba4 b5 50. Bb3 Bc4 51. Bc2 Bd3 52. Bd1 Bc4
53. Bc2 Bd3 54. Bb3 Bc4 55. Bxc4 bxc4 56. a4 Ra8 57. Nc3 Rb8 58. Nb5 Ra8 59.
Bd4+ Ke4 60. Bb6 Kd3 1-0

[Event "21. Intern. Travemünder Schach-Open"]
[Site "?"]
[Date "2004.12.29"]
[Round "5"]
[White "Jacob, Gunnar"]
[Black "Mainka (GM), Romuald"]
[Result "1/2-1/2"]
[WhiteElo "2283"]
[BlackElo "2461"]
[PlyCount "84"]
[EventDate "2004.??.??"]

1. d4 Nf6 2. c4 c5 3. d5 b5 4. cxb5 a6 5. f3 axb5 6. e4 Qa5+ 7. Bd2 b4 8. Na3
d6 9. Nc4 Qc7 10. a3 bxa3 11. Bc3 e6 12. Ne3 Be7 13. Rxa3 Rxa3 14. bxa3 O-O 15.
Bc4 Qa7 16. a4 exd5 17. Nxd5 Nxd5 18. Bxd5 Na6 19. Ne2 Nb4 20. O-O Bd7 21. Qa1
Qxa4 22. Bxg7 Qxa1 23. Bxa1 Bb5 24. Kf2 Nxd5 25. exd5 Bc4 26. Re1 Bh4+ 27. g3
Bg5 28. Nc3 f5 29. Re6 Bf6 30. Ke3 Bd4+ 31. Kd2 Ra8 32. Bb2 Rb8 33. Ba1 Bxd5
34. Nxd5 Bxa1 35. Rxd6 Kf7 36. Ne3 f4 37. gxf4 Bd4 38. Rd7+ Kg6 39. f5+ Kg5 40.
Rxh7 Rb2+ 41. Nc2 Kxf5 42. Rd7 Ke5 1/2-1/2

[Event "21. Intern. Travemünder Schach-Open"]
[Site "?"]
[Date "2004.12.29"]
[Round "5"]
[White "Maiwald (GM), Jens-Uwe"]
[Black "Glienke (IM), Manfred"]
[Result "1/2-1/2"]
[WhiteElo "2524"]
[BlackElo "2295"]
[PlyCount "120"]
[EventDate "2004.??.??"]

1. g3 Nf6 2. Bg2 d5 3. Nf3 Bf5 4. d3 e6 5. O-O Be7 6. b3 O-O 7. Bb2 a5 8. a3 h6
9. Nbd2 c5 10. Ne5 Nc6 11. e4 Bh7 12. Nxc6 bxc6 13. a4 Qb6 14. Qe2 Rad8 15. Bc3
Rfe8 16. Rab1 Nd7 17. Kh1 Bf6 18. e5 Be7 19. f4 Qa6 20. g4 c4 21. bxc4 Nc5 22.
f5 Nxa4 23. Ba1 Rb8 24. Rxb8 Rxb8 25. f6 Bf8 26. g5 hxg5 27. cxd5 cxd5 28. Nf3
Nc5 29. Nxg5 Bg6 30. Bd4 Nxd3 31. cxd3 gxf6 32. exf6 Qxd3 33. Qxd3 Bxd3 34. Ra1
a4 35. Bf3 Bh6 36. Nxe6 fxe6 37. Rxa4 Bg6 38. Be5 Rd8 39. h4 Bf8 40. Bg4 Bf7
41. Be2 Bg6 42. Bg4 Bf7 43. h5 Bh6 44. Kg2 Be3 45. Kf3 Bh6 46. Bf4 Bxf4 47.
Kxf4 d4 48. Ra7 d3 49. Bd1 d2 50. h6 Rd4+ 51. Kg3 Rd3+ 52. Kg2 e5 53. h7+ Kxh7
54. Rxf7+ Kg6 55. Rf8 e4 56. Kf2 Rd6 57. Ke3 Rxf6 58. Rg8+ Kf5 59. Rg2 Ke5 60.
Rxd2 Rd6 1/2-1/2

[Event "21. Intern. Travemünder Schach-Open"]
[Site "?"]
[Date "2004.12.29"]
[Round "5"]
[White "Schippan, Bernhard"]
[Black "Rabiega (GM), Robert"]
[Result "0-1"]
[WhiteElo "2287"]
[BlackElo "2524"]
[PlyCount "58"]
[EventDate "2004.??.??"]

1. e4 e5 2. Nf3 Nc6 3. d4 exd4 4. Nxd4 Nf6 5. Nxc6 bxc6 6. e5 Qe7 7. Qe2 Nd5 8.
Nd2 Nb4 9. Nf3 Ba6 10. Qd1 Bxf1 11. Kxf1 Qe6 12. c3 Nd5 13. Qe2 Bc5 14. c4 Nb6
15. b3 O-O 16. Ng5 Qg6 17. h4 f6 18. h5 Qf5 19. Nf3 fxe5 20. Be3 Bxe3 21. Qxe3
Rae8 22. Rc1 d6 23. Rh3 Nd7 24. h6 g6 25. Qg5 Qf7 26. Qe3 e4 27. Ng5 Qf5 28.
Rc2 Nf6 29. Kg1 Ng4 0-1

[Event "21. Intern. Travemünder Schach-Open"]
[Site "?"]
[Date "2004.12.29"]
[Round "5"]
[White "Voloshin (GM), Leonid"]
[Black "Frodl, Michael"]
[Result "1/2-1/2"]
[WhiteElo "2494"]
[BlackElo "2240"]
[PlyCount "85"]
[EventDate "2004.??.??"]

1. d4 d5 2. c4 c6 3. Nc3 Nf6 4. e3 a6 5. a4 e6 6. Nf3 c5 7. Be2 Nc6 8. O-O Bd6
9. cxd5 exd5 10. dxc5 Bxc5 11. Nd4 O-O 12. Nxc6 bxc6 13. Qc2 Qe7 14. Bf3 Ng4
15. Bxg4 Bxg4 16. Ne2 Bxe2 17. Qxe2 Bd6 18. Qc2 Rac8 19. Bd2 Rfe8 20. Bc3 Qh4
21. h3 Re6 22. Qf5 Rce8 23. Rfd1 Qe7 24. Rac1 Bb4 25. Bxb4 Qxb4 26. Qc2 Rb8 27.
Rd4 Qb6 28. Qc3 g6 29. b4 Ra8 30. Qc5 Qxc5 31. Rxc5 Rb8 32. Kf1 Kf8 33. Ke2 Ke7
34. Kd3 f5 35. g4 fxg4 36. hxg4 Rf6 37. f4 Rb6 38. g5 Re6 39. Rc1 Rb7 40. Rh1
Kd6 41. a5 Rbe7 42. Rh3 c5 43. bxc5+ 1/2-1/2

[Event "21. Intern. Travemünder Schach-Open"]
[Site "?"]
[Date "2004.12.29"]
[Round "5"]
[White "Hobuss, Udo"]
[Black "Issing, Peter"]
[Result "0-1"]
[WhiteElo "2413"]
[BlackElo "2217"]
[PlyCount "118"]
[EventDate "2004.??.??"]

1. d4 Nf6 2. c4 e6 3. Nf3 c5 4. g3 cxd4 5. Nxd4 Bb4+ 6. Bd2 Qb6 7. Bxb4 Qxb4+
8. Qd2 Qxc4 9. e4 Qc5 10. Nc3 O-O 11. Rc1 Nc6 12. Nxc6 Qxc6 13. Bg2 Qa6 14. e5
Ne8 15. Ne4 f6 16. Nc5 Qb6 17. O-O fxe5 18. Nxd7 Bxd7 19. Qxd7 Rf7 20. Qa4 Nd6
21. Qb3 Qxb3 22. axb3 Rd7 23. Rc5 Nf7 24. Rfc1 Rad8 25. Kf1 Kf8 26. Rc7 b6 27.
Rxd7 Rxd7 28. Ke2 Ke7 29. Be4 h6 30. Bd3 Nd6 31. b4 Kf6 32. f3 Nf5 33. Ra1 Ne7
34. Be4 Nd5 35. b5 Ke7 36. Bd3 Kd6 37. Ra4 Nf6 38. Ke3 Nd5+ 39. Ke2 Ne7 40. Kd2
Nf5 41. Ke2 Rc7 42. Kd2 Nd4 43. Ke3 Nb3 44. Rg4 Nd4 45. Rg6 Kc5 46. Ke4 Re7 47.
f4 Nxb5 48. Kxe5 Nc7 49. h4 a5 50. g4 b5 51. h5 a4 52. Bc2 Nd5 53. Rxe6 Rxe6+
54. Kxe6 Ne3 55. Bxa4 bxa4 56. g5 Nd5 57. f5 hxg5 58. Kf7 g4 59. Kxg7 g3 0-1

[Event "21. Intern. Travemünder Schach-Open"]
[Site "?"]
[Date "2004.12.29"]
[Round "5"]
[White "Heyken (IM), Enno"]
[Black "Wiebe, Patrick"]
[Result "1-0"]
[WhiteElo "2330"]
[BlackElo "2210"]
[PlyCount "73"]
[EventDate "2004.??.??"]

1. d4 e6 2. e4 d5 3. Nc3 Bb4 4. e5 Ne7 5. Bd2 c5 6. Nb5 Bxd2+ 7. Qxd2 O-O 8. c3
f6 9. exf6 Rxf6 10. Nf3 a6 11. Na3 cxd4 12. cxd4 Nbc6 13. Nc2 Qb6 14. b3 Bd7
15. Bd3 Raf8 16. O-O Be8 17. Ng5 Bg6 18. Rae1 Nd8 19. Re3 h6 20. Nf3 Nf5 21.
Bxf5 Bxf5 22. Ne5 Qb5 23. Rc3 Nf7 24. Rc7 Nxe5 25. dxe5 R6f7 26. Rxf7 Rxf7 27.
Nd4 Qb6 28. Rc1 Kh7 29. Qc3 Bg6 30. g3 Be4 31. Qc5 Qd8 32. f4 Re7 33. b4 g5 34.
Qd6 Qxd6 35. exd6 Re8 36. d7 Rd8 37. Nxe6 1-0

[Event "21. Intern. Travemünder Schach-Open"]
[Site "?"]
[Date "2004.12.29"]
[Round "5"]
[White "Zimmermann, Julian"]
[Black "Illgner, Andreas"]
[Result "1-0"]
[WhiteElo "2321"]
[BlackElo "2146"]
[PlyCount "83"]
[EventDate "2004.??.??"]

1. e4 e6 2. d4 d5 3. Nc3 Nf6 4. e5 Nfd7 5. f4 c5 6. Nf3 Nc6 7. Be3 cxd4 8. Nxd4
Bc5 9. Qd2 a6 10. O-O-O O-O 11. Qf2 Bxd4 12. Bxd4 b5 13. Bd3 Nxd4 14. Qxd4 Qb6
15. Ne2 b4 16. Rhe1 a5 17. f5 Qxd4 18. Nxd4 Nc5 19. g4 Ba6 20. Kd2 Rfe8 21. f6
gxf6 22. exf6 Nd7 23. g5 Rec8 24. h4 Rc7 25. h5 Nc5 26. Re3 Bxd3 27. cxd3 Nd7
28. Rg1 Rac8 29. Reg3 e5 30. Nf5 Rc2+ 31. Ke3 d4+ 32. Kf3 R8c5 33. R3g2 Rxg2
34. Rxg2 Rc1 35. Ke4 Rc5 36. Nd6 Kf8 37. Rf2 Rc6 38. Nb7 Rb6 39. Rc2 Nxf6+ 40.
gxf6 Rxf6 41. Kxe5 Rh6 42. Rh2 1-0

[Event "21. Intern. Travemünder Schach-Open"]
[Site "?"]
[Date "2004.12.29"]
[Round "5"]
[White "Meier, David-Geffrey"]
[Black "Jakobeit, David"]
[Result "0-1"]
[WhiteElo "2258"]
[BlackElo "2095"]
[PlyCount "110"]
[EventDate "2004.??.??"]

1. d4 Nf6 2. c4 c5 3. d5 b5 4. cxb5 a6 5. b6 d6 6. Nc3 Nbd7 7. e4 g6 8. Nf3 Bg7
9. a4 Qxb6 10. a5 Qc7 11. Nd2 O-O 12. Be2 e6 13. dxe6 fxe6 14. Nc4 Ne8 15. Bg5
Ndf6 16. O-O Bb7 17. Nb6 Rd8 18. Bc4 Qe7 19. Qe2 Nc7 20. f4 h6 21. Bh4 g5 22.
fxg5 Nh7 23. gxh6 Qxh4 24. hxg7 Kxg7 25. Bd3 Ng5 26. Rxf8 Rxf8 27. Qe1 Qf4 28.
Nc4 d5 29. exd5 exd5 30. Qe5+ Qxe5 31. Nxe5 Re8 32. Ng4 Bc8 33. Nf2 Bb7 34. Rd1
Nce6 35. h4 Nf7 36. Bc2 Nd4 37. Bb1 Ne5 38. Ba2 Nc4 39. b4 Ne3 40. Rd3 cxb4 41.
Nxd5 Ne2+ 42. Kh2 Bxd5 43. Bxd5 Nf4 44. Rd4 Nfxd5 45. Nd3 b3 46. Nb2 Rc8 47.
Rd3 Rc3 48. Rxc3 Nxc3 49. Kg3 Ncd1 50. Na4 Nc4 51. Kf3 Nxa5 52. Ke4 b2 53. Nxb2
Nxb2 54. Kd4 Nb7 55. g4 Nd1 0-1

[Event "21. Intern. Travemünder Schach-Open"]
[Site "?"]
[Date "2004.12.29"]
[Round "5"]
[White "Bürmann, Jan"]
[Black "Wichmann, Daniel"]
[Result "0-1"]
[WhiteElo "2122"]
[BlackElo "2255"]
[PlyCount "42"]
[EventDate "2004.??.??"]

1. d4 f5 2. g3 Nf6 3. Bg2 e6 4. c4 d5 5. Nf3 Be7 6. O-O O-O 7. Qc2 Nc6 8. a3
Ne4 9. b4 Bf6 10. Bb2 Bd7 11. Nbd2 Be8 12. Rac1 Rc8 13. e3 g5 14. Nb3 b6 15. b5
Ne7 16. a4 c6 17. Qd3 dxc4 18. Qxc4 cxb5 19. Qxe6+ Bf7 20. Rxc8 Nxc8 21. Qxf5
Ned6 0-1

[Event "21. Intern. Travemünder Schach-Open"]
[Site "?"]
[Date "2004.12.29"]
[Round "5"]
[White "Dunsbach, Ralf"]
[Black "Jordan, Christian"]
[Result "1/2-1/2"]
[WhiteElo "2239"]
[BlackElo "2164"]
[PlyCount "59"]
[EventDate "2004.??.??"]

1. Nf3 c5 2. c4 g6 3. g3 Bg7 4. Bg2 Nc6 5. O-O e5 6. Nc3 Nge7 7. d3 O-O 8. Rb1
d6 9. a3 a5 10. Ne1 Be6 11. Nc2 d5 12. cxd5 Nxd5 13. Ne3 Nde7 14. Nc4 Rb8 15.
f4 b5 16. Nxe5 Nxe5 17. fxe5 Bxe5 18. Kh1 f5 19. Bh6 Bg7 20. Bxg7 Kxg7 21. e4
Qd6 22. exf5 Nxf5 23. Qe1 Nd4 24. Ne4 Rxf1+ 25. Qxf1 Qe7 26. Qc1 Rc8 27. Qf4
Bd5 28. Rf1 Bxe4 29. Bxe4 Rf8 30. Qxf8+ 1/2-1/2

[Event "21. Intern. Travemünder Schach-Open"]
[Site "?"]
[Date "2004.12.29"]
[Round "5"]
[White "Wilms, Ingo"]
[Black "Kuhn, Gerd"]
[Result "1-0"]
[WhiteElo "2118"]
[BlackElo "2232"]
[PlyCount "81"]
[EventDate "2004.??.??"]

1. Nf3 Nf6 2. d4 c5 3. c3 b6 4. Bf4 d6 5. h3 Bb7 6. Nbd2 Nbd7 7. e3 g6 8. Bd3
Bg7 9. O-O O-O 10. a4 cxd4 11. exd4 Nd5 12. Bh2 a6 13. Re1 Bh6 14. Bf1 N7f6 15.
Qb3 Rb8 16. c4 Nc7 17. d5 b5 18. axb5 axb5 19. cxb5 Bxd5 20. Qb4 Ba8 21. Qh4
Bg7 22. Nd4 e5 23. Nc2 Nxb5 24. Red1 Qc7 25. Nb4 Qb7 26. Nc4 Rfd8 27. Nxe5 dxe5
28. Bxe5 Ne8 29. Rxd8 Bxe5 30. Rxb8 Qxb8 31. Bxb5 Bxb2 32. Ra2 Bf6 33. Qc4 Nd6
34. Qf4 Be7 35. Bf1 Bb7 36. Nd3 Qc7 37. Ne5 Bf8 38. Ng4 Bg7 39. Rd2 Bf8 40.
Nf6+ Kg7 41. Rxd6 1-0

[Event "21. Intern. Travemünder Schach-Open"]
[Site "?"]
[Date "2004.12.29"]
[Round "5"]
[White "Meißner, Claudia"]
[Black "Marcziter, Dimitrii"]
[Result "1-0"]
[WhiteElo "2112"]
[BlackElo "2220"]
[PlyCount "95"]
[EventDate "2004.??.??"]

1. d4 Nf6 2. Nf3 g6 3. g3 Bg7 4. Bg2 O-O 5. O-O d6 6. c4 c6 7. Nc3 Nbd7 8. e4
e5 9. h3 exd4 10. Nxd4 Qb6 11. Nb3 Ne8 12. Bg5 f6 13. Be3 Qb4 14. Qe2 a5 15.
Rac1 Ne5 16. Nd2 a4 17. b3 axb3 18. axb3 f5 19. Na4 Be6 20. Nb6 Ra2 21. f4 Nd7
22. Nxd7 Bxd7 23. Qd3 Be6 24. Rfd1 Ra3 25. Bd4 fxe4 26. Qxe4 Bf5 27. Qe3 Nf6
28. Bc3 Qc5 29. Bd4 Qb4 30. Bc3 Qc5 31. Bd4 Qa5 32. Qc3 Qc7 33. Qb2 Raa8 34.
Ra1 Qf7 35. Re1 Rae8 36. Nf3 h5 37. Ng5 Qd7 38. Kh2 h4 39. g4 Bd3 40. Rxe8 Nxe8
41. Re1 c5 42. Bd5+ Kh8 43. Qf2 Nf6 44. Qxh4+ Nh5 45. gxh5 Rxf4 46. Bxg7+ Kxg7
47. h6+ Kh8 48. Qxf4 1-0

[Event "21. Intern. Travemünder Schach-Open"]
[Site "?"]
[Date "2004.12.29"]
[Round "5"]
[White "Lieder, Konrad"]
[Black "Bruhn, Boris"]
[Result "1-0"]
[WhiteElo "2087"]
[BlackElo "2200"]
[PlyCount "67"]
[EventDate "2004.??.??"]

1. d4 c5 2. d5 f5 3. c4 g6 4. h4 Bg7 5. h5 Qa5+ 6. Bd2 Qb6 7. Nc3 Na6 8. Qc2
Nh6 9. e3 O-O 10. f3 Qf6 11. O-O-O e5 12. hxg6 hxg6 13. g3 Nb4 14. Qb1 d6 15.
e4 g5 16. Nh3 g4 17. fxg4 fxg4 18. Ng5 Qg6 19. Be2 Bd7 20. Rh2 Rf6 21. Rdh1 Nf7
22. Nh7 Rf3 23. Bxf3 gxf3 24. a3 Qxg3 25. axb4 f2 26. Kc2 cxb4 27. Qf1 bxc3 28.
Nf6+ Bxf6 29. Rg2 Ba4+ 30. b3 Qxg2 31. Qxg2+ Kf8 32. bxa4 cxd2 33. Qxf2 Bg5 34.
Rf1 1-0

[Event "21. Intern. Travemünder Schach-Open"]
[Site "?"]
[Date "2004.12.29"]
[Round "5"]
[White "Lehmann, Holger"]
[Black "Raddatz, Michael"]
[Result "1-0"]
[WhiteElo "2193"]
[BlackElo "2077"]
[PlyCount "81"]
[EventDate "2004.??.??"]

1. d4 b5 2. Nf3 Bb7 3. Nbd2 Nf6 4. e3 a6 5. c4 b4 6. Bd3 e6 7. Qc2 c5 8. b3 Nc6
9. Bb2 cxd4 10. exd4 Be7 11. O-O Rc8 12. Rfe1 O-O 13. Qd1 Qc7 14. Qe2 Qf4 15.
Nf1 d5 16. Rad1 dxc4 17. bxc4 Rfd8 18. Ng3 a5 19. d5 exd5 20. cxd5 Nxd5 21.
Bxg7 Qg4 22. Ba1 Nf4 23. Qb2 Nd4 24. Bf5 Qxf3 25. gxf3 Nxf3+ 26. Kh1 Ne5+ 27.
Be4 Rxd1 28. Rxd1 Rc3 29. Bxb7 Ned3 30. Qd2 Rc7 31. Be4 Rd7 32. Qxf4 Nxf4 33.
Rxd7 Bc5 34. Bd4 Bf8 35. Rd8 Ne6 36. Rd7 a4 37. Nf5 b3 38. axb3 axb3 39. Bb2
Nc5 40. Rd8 Nxe4 41. Nh6# 1-0

[Event "21. Intern. Travemünder Schach-Open"]
[Site "?"]
[Date "2004.12.29"]
[Round "5"]
[White "Schoenwolf, Kai"]
[Black "Jochens, Arne"]
[Result "1-0"]
[WhiteElo "2086"]
[BlackElo "2187"]
[PlyCount "69"]
[EventDate "2004.??.??"]

1. Nc3 c5 2. e4 Nc6 3. g3 g6 4. Bg2 Bg7 5. f4 d6 6. d3 e6 7. Nf3 Nge7 8. O-O
O-O 9. Be3 b6 10. Qd2 Ba6 11. g4 f5 12. gxf5 gxf5 13. Ng5 Qd7 14. exf5 Nxf5 15.
Bf2 Rae8 16. Rae1 Ncd4 17. Ne2 Bb7 18. Be4 h6 19. Bxd4 Nxd4 20. Nf3 Nf5 21. c3
Kh8 22. Ng3 Rg8 23. Kf2 Nxg3 24. hxg3 Bf6 25. Rh1 Bxe4 26. dxe4 Qg7 27. Rh3 Qf8
28. Reh1 Bg7 29. f5 Kh7 30. Ng5+ Kh8 31. Nf7+ Kh7 32. Rxh6+ Bxh6 33. Rxh6+ Kg7
34. Qg5+ Kxf7 35. Qf6# 1-0

[Event "21. Intern. Travemünder Schach-Open"]
[Site "?"]
[Date "2004.12.29"]
[Round "5"]
[White "Kolthoff, Siegmund"]
[Black "Catta, Udo"]
[Result "1-0"]
[WhiteElo "2186"]
[BlackElo "2073"]
[PlyCount "65"]
[EventDate "2004.??.??"]

1. d4 Nf6 2. Nf3 g6 3. c4 Bg7 4. Nc3 O-O 5. e4 d6 6. Be2 e5 7. O-O Nc6 8. d5
Ne7 9. b4 a5 10. Ba3 Nh5 11. Re1 f5 12. Nd2 Nf6 13. f3 f4 14. bxa5 Rxa5 15. Bb4
Ra8 16. a4 Kh8 17. c5 Ne8 18. Nc4 Rf6 19. Nb5 Ng8 20. cxd6 cxd6 21. a5 Bf8 22.
Nb6 Rb8 23. Rc1 g5 24. Qc2 Bd7 25. Nc7 Nxc7 26. Qxc7 Qxc7 27. Rxc7 Be8 28. Rec1
Rf7 29. Rxf7 Bxf7 30. Nd7 Rd8 31. Nxf8 Rxf8 32. Bxd6 Ra8 33. Bxe5+ 1-0

[Event "21. Intern. Travemünder Schach-Open"]
[Site "?"]
[Date "2004.12.29"]
[Round "5"]
[White "Krotofil, Kurt"]
[Black "Schmezko, Stefan"]
[Result "0-1"]
[WhiteElo "2069"]
[BlackElo "2185"]
[PlyCount "98"]
[EventDate "2004.??.??"]

1. d4 Nf6 2. c4 g6 3. Nc3 Bg7 4. e4 d6 5. f3 O-O 6. Be3 Nbd7 7. Nge2 c5 8. Qd2
a6 9. Bh6 Bxh6 10. Qxh6 Qa5 11. d5 Ne5 12. Ng3 b5 13. cxb5 axb5 14. Bxb5 Rb8
15. Be2 Rxb2 16. Qc1 Rb4 17. O-O Ba6 18. Bxa6 Qxa6 19. Qc2 Rfb8 20. Rab1 Qc4
21. Nge2 Qa6 22. Kh1 Nc4 23. Qd3 Nd7 24. f4 Nf6 25. Rbc1 Qa3 26. Rf3 Nb2 27.
Qc2 Qa6 28. h3 Na4 29. Nxa4 Rxa4 30. Nc3 Rab4 31. Rf2 Qa3 32. Rcf1 Rc4 33. Rf3
Qa5 34. Qd3 Rd4 35. Qc2 Rbb4 36. Re3 Qb6 37. Rf2 Rbc4 38. Rfe2 Qb4 39. Qb3 Qxb3
40. axb3 Rb4 41. Na2 Rb8 42. Kh2 h5 43. Kg3 Kf8 44. Kf3 Rd1 45. Rc2 Rf1+ 46.
Kg3 h4+ 47. Kxh4 Rxf4+ 48. Kg3 Rxe4 49. Rd3 Re5 0-1

[Event "21. Intern. Travemünder Schach-Open"]
[Site "?"]
[Date "2004.12.29"]
[Round "5"]
[White "Cremer, Jochen"]
[Black "Just, Gabriele"]
[Result "0-1"]
[WhiteElo "2183"]
[BlackElo "2032"]
[PlyCount "84"]
[EventDate "2004.??.??"]

1. d4 e6 2. Nf3 f5 3. g3 Nf6 4. Bg2 Be7 5. O-O d6 6. c4 O-O 7. Nc3 a5 8. Qc2
Nc6 9. Rd1 Qe8 10. a3 e5 11. Nd5 Bd8 12. dxe5 dxe5 13. Be3 Qh5 14. Bc5 Re8 15.
Nxf6+ Bxf6 16. e4 f4 17. a4 Bg4 18. Rd3 Be7 19. Bxe7 Rxe7 20. Qb3 Nb4 21. Rd2
Rf8 22. c5+ Kh8 23. Ne1 h6 24. f3 Be6 25. Qc3 fxg3 26. hxg3 Nc6 27. Nc2 Ref7
28. Rf1 Rf6 29. Qe3 Rg6 30. f4 Bc4 31. Rf3 Qg4 32. f5 Rg5 33. Kh2 Ba2 34. Bh3
Rh5 35. Kg1 Qxh3 36. Rg2 Bc4 37. g4 Qh1+ 38. Kf2 Rh2 39. Rxh2 Qxh2+ 40. Ke1
Qxc2 41. f6 Rd8 42. fxg7+ Kxg7 0-1

[Event "21. Intern. Travemünder Schach-Open"]
[Site "?"]
[Date "2004.12.29"]
[Round "5"]
[White "Nilsson, Anders"]
[Black "Klein, Andreas"]
[Result "1-0"]
[WhiteElo "2176"]
[BlackElo "1979"]
[PlyCount "55"]
[EventDate "2004.??.??"]

1. d4 f5 2. Nc3 Nf6 3. Bg5 d5 4. Bxf6 exf6 5. e3 Be6 6. Bd3 Nc6 7. Qf3 Qd7 8.
Bb5 O-O-O 9. Nge2 g5 10. Nc1 f4 11. Qe2 Re8 12. Nb3 a6 13. Ba4 Bb4 14. a3 Bxc3+
15. bxc3 Qd6 16. Nc5 Bd7 17. Rb1 fxe3 18. f3 Nb8 19. Bxd7+ Nxd7 20. Nxb7 Qxa3
21. O-O Nb6 22. Nc5 Nc4 23. Qd3 Kd8 24. Qf5 Ke7 25. Qe6+ Kf8 26. Qxf6+ Kg8 27.
Qxg5+ Kf7 28. Qxd5+ 1-0